1106 1167 1483 1164 1119 1475 1991 1070 1769 1585 1824 1375 1332 1805 1321 1826 1628 1893 1102 1584 1065 1333 1754 1785 1281 1863 1731 1154 1479 1850 1238 1229 1668 1978 1179 1992 1621 1301 1728 1896 1456 1113 1996 1250 1227 1275 1775 1330 1627 1212 1870 1051 1528 1865 1439 1264 1519 1082 1645 1990 1431 1336 1770 1648 1975 1203 1063 1334 1607 1848 1959 1942 1490 1992 1355 1006 1245 1993 1010 1411 1500 1830 1869 1155 1362 1522 1116 1799 1487 1741 1771 1628 1090 1031 1260 1086 1057 1323 1079 BCNSPRNW ULIB Ver.6.0+V

เปลี่ยนเป็นภาษาไทย

Change to English
 แสดงรายละเอียดบรรณานุกรม
  กลับหน้าหลัก

Brief Record : Get Marc (ISO 2709) : E-mail record : QR code < ปิดหน้าต่าง
LEADER : 00000nam 2200000uu 4500
001    13399129136
003     ULIB
008    250718s2567||||th 000 0 tha d
020    ^a^9786166086928
060    ^aWA950^bพ439ก
100 0  ^aพลเทพ วิจิตรคุณากร
245 1   ^aการวิจัยทางการแพทย์ สาธารณสุข และการวิเคราะห์ข้อมูลด้วยโปรแกรม R = ^cพลเทพ วิจิตรคุณากร^bMEDICAL AND PUBLIC HEALTH RESEARCH WITH DATA ANALYSIS USING R /
246 3   ^aMEDICAL AND PUBLIC HEALTH RESEARCH WITH DATA ANALYSIS USING R
250    ^aพิมพ์ครั้งที่ 1.
260    ^aกรุงเทพฯ :^bสหมิตรพัฒนาการพิมพ์,^c2567
300    ^a450 หน้า ;^c26 ซม.
505 0  ^aการทบทวนวรรณกรรม -- ประชากร ตัวอย่าง การคำนวณขนาดตัวอย่าง และการสุ่มตัวอย่าง -- ความถูกต้อง ความแม่นยำ ความลำเอียง และตัวแปรกวน -- รูปแบบการศึกษา -- ตัวแปรในงานวิจัย -- การเก็บรวบรวมข้อมูลและแบบเก็บข้อมูล -- แนะนำการใช้โปรแกรม R -- การจัดการข้อมูลด้วยโปรแกรม R -- การวัดทางระบาดวิทยาด้วยโปรแกรม R -- การวิเคราะห์ข้อมูลเชิงพรรณนาและอนุมานด้วยโปรแกรม R -- การวิเคราะห์การถดถอยเชิงเส้นด้วยโปรแกรม R -- การวิเคราะห์การถดถอยโลจิสติกด้วยโปรแกรม R -- การวิเคราะห์การรอดชีพด้วยโปรแกรม R -- การทดสอบเพื่อการวินิจฉัยด้วยโปรแกรม R -- การนำเสนอด้วยภาพ -- การเผยแพร่งานวิจัย.
505 0  ^aบทนำ -- การทบทวนวรรณกรรม -- ประชากร ตัวอย่าง การคำนวณขนาดตัวอย่าง และการสุ่มตัวอย่าง -- ความถูกต้อง ความแม่นยำ ความลำเลียง และตัวแปรกวน -- รูปแบบการศึกษา -- ตัวแปรในงานวิจัย -- การเก็บรวบรวมข้อมูลและแบบเก็บข้อมูล -- แนะนำการใช้โปรแกรม R -- การจัดการข้อมูลด้วยโปรแกรม R -- การวัดทางระบาดวิทยาด้วยโปรแกรม R -- การวิเคราะห์ข้อมูลเชิงพรรณนาและอนุมานด้วยโปรแกรม R -- การวิเคราะห์การถดถอยเชิงเส้นด้วยโปรแกรม R -- การวิเคราะห์การถดถอยโลจิสติกด้วยโปรแกรม R -- การทดสอบเพื่อการวินิจฉัยด้วยโปรแกรม R -- การนำเสนอด้วยภาพ -- การเผยแพร่งานวิจัย
505 0  ^aบทนำ -- การทบทวนวรรณกรรม -- ประชากร ตัวอย่าง การคำนวณขนานตัวอย่าง และการสุ่มตัวอย่าง -- ความถูกต้อง ความแม่นยำ ความลำเลียง และตัวแปรกวน -- รูปแบบการศึกษา -- ตัวแปรในงานวิจัย -- การเก็บรวบรวมข้อมูลและแบบเก็บข้อมูล -- แนะนำการใช้โปรแกรม R -- การจัดการข้อมูลด้วยโปรแกรม R -- การวัดทางระบาดวิทยาด้วยโปรแกรม R -- การวิเคราะห์ข้อมูลเชิงพรรณนาและอนุมานด้วยโปรแกรม R -- การวิเคราะห์การถดถอยเชิงเส้นด้วยโปรแกรม R -- การวิเคราะห์การถดถอยโลจิสติกด้วยโปรแกรม R -- การทดสอบเพื่อการวินิจฉัยด้วยโปรแกรม R -- การนำเสนอด้วยภาพ -- การเผยแพร่งานวิจัย
505 2  ^aบทนำ -- การทบทวนวรรณกรรม -- ประชากร ตัวอย่าง การคำนวนขนาดตัวอย่างและกลุ่มตัวอย่าง -- ความถูกต้อง ความแม่นยำ ความลำเอียง และตัวแปรกวน -- รูปแบบการศึกษา -- ตัวแปรในงานวิจัย -- การเก็บรวบรวมข้อมูลและแบบเก็บข้อมูล -- แนะนำการใช้โปรแกรม R -- การจัดการข้อมูลด้วยโปรแกรม R -- การวิเคราะห์ข้อมูลเชิงพรรณนาและอนุมานด้วยโปรแกรม R -- การวิเคราะห์การถดถอยเชิงเส้นด้วยโปรแกรม R -- การวิเคราะห์การถดถอยโลจิสติกด้วยโปรแกรม R -- การวิเคราะห์การรอดชีพด้วยโปรแกรม R -- การทดสอบเพื่อการวินิจฉัยโปรแกรม R -- การนำเสนอด้วยภาพ -- การเผยแพร่งานวิจัย
505 2  ^aสารบัญ : บทนำ -- การทบทวนวรรณกรรม -- ประชากร ตัวอย่าง การคำนวนขนาดตัวอย่างและกลุ่มตัวอย่าง -- ความถูกต้อง ความแม่นยำ ความลำเอียง และตัวแปรกวน -- รูปแบบการศึกษา -- ตัวแปรในงานวิจัย -- การเก็บรวบรวมข้อมูลและแบบเก็บข้อมูล -- แนะนำการใช้โปรแกรม R -- การจัดการข้อมูลด้วยโปรแกรม R -- การวิเคราะห์ข้อมูลเชิงพรรณนาและอนุมานด้วยโปรแกรม R -- การวิเคราะห์การถดถอยเชิงเส้นด้วยโปรแกรม R -- การวิเคราะห์การถดถอยโลจิสติกด้วยโปรแกรม R -- การวิเคราะห์การรอดชีพด้วยโปรแกรม R -- การทดสอบเพื่อการวินิจฉัยโปรแกรม R -- การนำเสนอด้วยภาพ -- การเผยแพร่งานวิจัย.
520    ^aaหนังสือเล่มนี้เหมาะสำหรับ นศพ. แพทย์ใช้ทุน แพทย์ประจำบ้าน และบุคลากรทางการแพทย์ในสาขาต่าง ๆ (ซึ่งไม่จำเป็นต้องมีพื้นฐานโปรแกรม R เพราะคุณจะใช้เป็นหลังจากฝึกจากหนังสือเล่มนี้) ผู้เขียนออกแบบให้หนังสือเล่มนี้เปรียบเสมือนคู่มือประจำตัวในการทำวิจัย สำหรับวิธีการใช้หนังสือเล่มนี้ นักวิจัยสามารถอ่านตามลำดับเนื้อหาที่ได้ร้อยเรียงกันตั้งแต่ต้นจนจบ หรืออ่านเฉพาะหัวข้อที่นักวิจัยสนใจก็ได้เช่นกัน นอกจากนั้นแล้ว เนื่องจากการทำวิจัยเปรียบเสมือนการวิ่งมาราธอน ไม่ใช่การวิ่งระยะสั้น 100 เมตร ดังนั้น ผู้เขียนจึงรวบรวมกฎ 17 ข้อ พร้อมด้วยภาพประกอบ จากประสบการณ์ส่วนตัว โดยกฎแต่ละข้อเป็นคำคมสร้างแรงบันดาลใจในการทำวิจัย
650  0 ^aวิจัย
650  2 ^aMedicine.
650  2 ^aResearch
650  2 ^aStatistics^xComputer programs
650  2 ^aStatistics^xData processing
650  4 ^aR (โปรแกรมคอมพิวเตอร์)
650  4 ^aการแพทย์^xระเบียบวิธีทางสถิติ
650  4 ^aการแพทย์^xวิจัย
650  4 ^aสถิติทางการแพทย์.
650  4 ^aสาธารณสุข^xวิจัย
650  7 ^aโปรแกรมอาร์
650  7 ^aสถิติ^xการประมวลผลข้อมูล
650  7 ^aสถิติ^xโปรแกรมคอมพิวเตอร์
945    ^p790^l0^i30566
945    ^p790^l0^i30567
999    ^aกัณชพร จุลอักษร
รายการนี้ยังไม่มีแท็ก
คุณยังไม่ได้ล็อกอิน คุณสามารถมีกิจกรรมร่วมกับเว็บไซต์ได้ แต่ต้องล็อกอินก่อน ::
  ล็อกอิน

รายการสื่อสารสนเทศ

ลำดับที่ ประเภท เลขเรียก/บาร์โค้ด สถานที่ สถานะ
1. หนังสือสำรอง
หนังสือสำรอง
WA950 พ439ก ฉ.1 
  Barcode: 30566
ห้องสมุดวิทยาเขตนครสวรรค์
►หนังสือทั่วไป:l:General Books
บนชั้น
2. วิทยาศาสตร์การแพทย์ และสุขภาพ
วิทยาศาสตร์การแพทย์ และสุขภาพ
WA950 พ439ก ฉ.2 
  Barcode: 30567
ห้องสมุดวิทยาเขตนครสวรรค์
►หนังสือทั่วไป:l:General Books
บนชั้น

รายการใกล้เคียง
    ผู้แต่ง [พลเทพ วิจิตรคุณากร]

    หัวเรื่อง [วิจัย]
    หัวเรื่อง [Medicine.]
    หัวเรื่อง [Research]
    หัวเรื่อง [R (โปรแกรมคอมพิวเตอร์)]
    หัวเรื่อง [สถิติทางการแพทย์.]
    หัวเรื่อง [สาธารณสุข วิจัย]
    หัวเรื่อง [โปรแกรมอาร์]

BibComment


ยังไม่เคยถูกคอมเมนท์

คอมเมนท์ทรัพยากรรายการนี้
  คอมเมนท์: การวิจัยทางการแ..


 Copyright 2026. Bcnsprnw @Library